[Event "Metz op 31th"]
[Site "Metz"]
[Date "2013.07.25"]
[Round "8"]
[White "Sailer, Douglas"]
[Black "Keller, Christophe"]
[Result "1/2-1/2"]
[WhiteElo "2129"]
[BlackElo "2160"]
[PlyCount "46"]
[EventDate "2013.04.20"]
[EventType "swiss"]
[EventRounds "9"]
[EventCountry "FRA"]
[SourceTitle "EXT 2016"]
[Source "ChessBase"]
[SourceDate "2015.10.08"]
[SourceVersion "1"]
[SourceVersionDate "2015.10.08"]
[SourceQuality "1"]

1. e4 e6 2. d4 d5 3. Nc3 Bb4 4. Nge2 Nf6 5. Bg5 dxe4 6. a3 Be7 7. Bxf6 Bxf6 8. Nxe4 Be7 9. g3 0-0 10. Bg2 Nd7 11. 0-0 c6 12. c4 Nf6 13. Qc2 Nxe4 14. Bxe4 g6 15. Rad1 Bf6 16. Bg2 Qc7 17. Rd2 Rb8 18. Nc3 Be7 19. Ne4 e5 20. d5 cxd5 21. cxd5 Qxc2 22. Rxc2 f5 23. Nc5 e4 1/2-1/2

[Event "Metz op 31th"]
[Site "Metz"]
[Date "2013.04.20"]
[Round "1"]
[White "Manolache, Marius"]
[Black "Sailer, Douglas"]
[Result "1-0"]
[WhiteElo "2501"]
[BlackElo "2129"]
[PlyCount "75"]
[EventDate "2013.04.20"]
[EventType "swiss"]
[EventRounds "9"]
[EventCountry "FRA"]
[SourceTitle "EXT 2016"]
[Source "ChessBase"]
[SourceDate "2015.10.08"]
[SourceVersion "1"]
[SourceVersionDate "2015.10.08"]
[SourceQuality "1"]

1. d4 d5 2. Nf3 Nf6 3. c4 dxc4 4. Nc3 c5 5. e4 cxd4 6. Qxd4 Qxd4 7. Nxd4 e5 8. Ndb5 Na6 9. Bxc4 Bc5 10. Bg5 Be6 11. Bxe6 fxe6 12. Rd1 0-0 13. f3 Rac8 14. Ke2 Nb4 15. Be3 Bxe3 16. Kxe3 a6 17. Nd6 Rc7 18. Rd2 Rd8 19. Rhd1 b5 20. g3 Rcd7 21. Nb7 Rxd2 22. Rxd2 Rxd2 23. Kxd2 Nc6 24. Nc5 b4 25. Ne2 a5 26. Nxe6 Kf7 27. Nc5 Ke7 28. Kd3 Kd6 29. Kc4 Ne8 30. Nd3 g5 31. Nf2 h5 32. h4 gxh4 33. gxh4 Ng7 34. Nh1 Ne6 35. Nhg3 Nf4 36. Nxf4 exf4 37. Nf5+ Ke6 38. Nd4+ 1-0

[Event "Budapest FS02 IM-A"]
[Site "Budapest"]
[Date "2007.02.11"]
[Round "9"]
[White "Sailer, Douglas"]
[Black "Farago, Sandor"]
[Result "0-1"]
[WhiteElo "2191"]
[BlackElo "2275"]
[PlyCount "68"]
[EventDate "2007.02.03"]
[EventType "tourn"]
[EventRounds "11"]
[EventCountry "HUN"]
[EventCategory "1"]
[SourceTitle "CBM 116 Extra"]
[Source "ChessBase"]
[SourceDate "2007.03.07"]
[SourceVersion "1"]
[SourceVersionDate "2007.03.07"]
[SourceQuality "1"]

1. e4 Nf6 2. e5 Nd5 3. d4 d6 4. Nf3 g6 5. Bc4 c6 6. 0-0 Bg7 7. Re1 0-0 8. Bb3 dxe5 9. Nxe5 Nd7 10. Nf3 e6 11. c4 Ne7 12. Nc3 c5 13. d5 Nf6 14. Be3 b6 15. Qd2 Nf5 16. Bf4 exd5 17. cxd5 a6 18. d6 Bb7 19. Nd5 Nxd5 20. Bxd5 Bxd5 21. Qxd5 Bxb2 22. Rad1 Bf6 23. Ne5 Nd4 24. Nc6 Qd7 25. Be5 Bxe5 26. Nxe5 Qe6 27. Qb7 Qxd6 28. Nxf7 Qf4 29. Ne5 Qxf2+ 30. Kh1 Rae8 31. h3 Nf5 32. Qd5+ Kg7 33. Qb7+ Re7 34. Qxb6 Ne3 0-1

[Event "Budapest FS02 IM-A"]
[Site "Budapest"]
[Date "2007.02.09"]
[Round "7"]
[White "Sailer, Douglas"]
[Black "Adams, Nick A"]
[Result "0-1"]
[WhiteElo "2191"]
[BlackElo "2197"]
[PlyCount "128"]
[EventDate "2007.02.03"]
[EventType "tourn"]
[EventRounds "11"]
[EventCountry "HUN"]
[EventCategory "1"]
[SourceTitle "CBM 116 Extra"]
[Source "ChessBase"]
[SourceDate "2007.03.07"]
[SourceVersion "1"]
[SourceVersionDate "2007.03.07"]
[SourceQuality "1"]

1. e4 c6 2. Nc3 d5 3. Nf3 dxe4 4. Nxe4 Nf6 5. Nxf6+ exf6 6. Bc4 Bd6 7. Qe2+ Be7 8. 0-0 0-0 9. Re1 Bd6 10. d4 Nd7 11. Bb3 a5 12. a3 a4 13. Ba2 b5 14. d5 c5 15. Qxb5 Qc7 16. Qe2 Rb8 17. c3 Rd8 18. h3 Nf8 19. Bc4 Bd7 20. Be3 Ng6 21. Rad1 Re8 22. Qc2 Qc8 23. Bc1 Rf8 24. Bf1 Ne5 25. Nxe5 fxe5 26. c4 f5 27. Bd2 Re8 28. Bc3 Qd8 29. f3 Qh4 30. Qf2 Qg5 31. Qd2 Qg6 32. Qf2 Qg5 33. Kh1 h5 34. Re2 e4 35. fxe4 fxe4 36. Qg1 Bf5 37. Qe3 Qg6 38. h4 Bg4 39. Qg5 Qxg5 40. hxg5 Kh7 41. Rde1 Bxe2 42. Bxe2 Kg6 43. Bd1 Ra8 44. Bc2 Kxg5 45. Bxg7 e3 46. Bc3 Bg3 47. Re2 Rf8 48. Kg1 Bf2+ 49. Kh2 Kg4 50. Bd1 Kh4 51. Be5 Rae8 52. g3+ Kg5 53. Bf4+ Rxf4 54. gxf4+ Kxf4 55. Bxa4 Re4 56. d6 Rd4 57. Kg2 Rxd6 58. Rxf2+ exf2 59. Kxf2 Rd2+ 60. Kg1 Rxb2 61. Bc6 Kg3 62. Kf1 h4 63. Be4 h3 64. a4 Ra2 0-1

[Event "Budapest FS02 IM-A"]
[Site "Budapest"]
[Date "2007.02.08"]
[Round "6"]
[White "Leviczki, Tibor"]
[Black "Sailer, Douglas"]
[Result "1/2-1/2"]
[WhiteElo "2296"]
[BlackElo "2191"]
[PlyCount "43"]
[EventDate "2007.02.03"]
[EventType "tourn"]
[EventRounds "11"]
[EventCountry "HUN"]
[EventCategory "1"]
[SourceTitle "CBM 116 Extra"]
[Source "ChessBase"]
[SourceDate "2007.03.07"]
[SourceVersion "1"]
[SourceVersionDate "2007.03.07"]
[SourceQuality "1"]

1. e4 c5 2. Nf3 e6 3. d4 cxd4 4. Nxd4 Nc6 5. Nc3 Nf6 6. a3 d5 7. Bb5 Bd7 8. exd5 exd5 9. 0-0 Be7 10. Nce2 0-0 11. Bd3 Ne5 12. Bf5 Re8 13. Bxd7 Qxd7 14. b3 Rac8 15. Bb2 Bf8 16. f3 g6 17. Qd2 Bg7 18. Rfe1 Qc7 19. a4 a6 20. a5 Nc6 21. Kh1 Nh5 22. Ra2 1/2-1/2

[Event "Lugano op"]
[Site "Lugano"]
[Date "2006.11.19"]
[Round "5"]
[White "Stips, Felix"]
[Black "Sailer, Douglas"]
[Result "0-1"]
[WhiteElo "1874"]
[BlackElo "2198"]
[PlyCount "121"]
[EventDate "2006.11.17"]
[EventType "swiss"]
[EventRounds "5"]
[EventCountry "SUI"]
[SourceTitle "EXT 2008"]
[Source "ChessBase"]
[SourceDate "2007.11.25"]
[SourceVersion "1"]
[SourceVersionDate "2007.11.25"]
[SourceQuality "1"]

1. e4 e5 2. f4 Nf6 3. fxe5 Nxe4 4. Nf3 Ng5 5. c3 d6 6. d4 Nxf3+ 7. Qxf3 dxe5 8. Bc4 Qh4+ 9. g3 Qf6 10. Qg2 exd4 11. Rf1 Qe5+ 12. Kd1 Bg4+ 13. Kc2 d3+ 14. Bxd3 Nc6 15. Bf4 Qh5 16. Be4 0-0-0 17. h4 Bf5 18. Nd2 Be7 19. Rae1 Rhe8 20. Bg5 Bxe4+ 21. Nxe4 Qg6 22. Bf4 Bd6 23. Bg5 f6 24. Qh3+ Kb8 25. h5 Qf7 26. b3 Be5 27. Bc1 Qd5 28. g4 Qa5 29. Kb1 Qa6 30. Rd1 Rxd1 31. Rxd1 Qe2 32. Qd3 Qxd3+ 33. Rxd3 Kc8 34. Rf3 h6 35. Kc2 b6 36. Bf4 Rd8 37. Nd2 Rd5 38. Nc4 Bxf4 39. Rxf4 Ne7 40. Ne3 Re5 41. Kd2 Nd5 42. Rf3 Nxe3 43. Rxe3 Rg5 44. Re4 Kd7 45. Ke3 f5 46. gxf5 Rxf5 47. Rh4 Ke6 48. a4 Ke5 49. b4 Rg5 50. Re4+ Kf6 51. Rh4 Rg3+ 52. Kd4 Kg5 53. Rh2 g6 54. hxg6 Kxg6 55. a5 bxa5 56. b5 h5 57. c4 Kg5 58. Rf2 h4 59. Rf7 h3 60. Rg7+ Kf4 61. Rf7+ 0-1

[Event "Seefeld op 16th"]
[Site "Seefeld"]
[Date "2005.09.23"]
[Round "7"]
[White "Sailer, Douglas"]
[Black "Meier, Alexander"]
[Result "1-0"]
[WhiteElo "2224"]
[BlackElo "1972"]
[PlyCount "45"]
[EventDate "2005.09.17"]
[EventType "swiss"]
[EventRounds "9"]
[EventCountry "AUT"]
[SourceTitle "EXT 2007"]
[Source "ChessBase"]
[SourceDate "2006.11.23"]
[SourceVersion "1"]
[SourceVersionDate "2006.11.23"]
[SourceQuality "1"]

1. e4 e5 2. Nf3 Nf6 3. Nxe5 Nxe4 4. Qe2 Qe7 5. Qxe4 d6 6. d4 dxe5 7. dxe5 Nc6 8. Bb5 Bd7 9. Nc3 0-0-0 10. Be3 Nxe5 11. 0-0-0 Nc6 12. Qa4 Nb8 13. Qxa7 Qe6 14. Bxd7+ Rxd7 15. Rxd7 Qxd7 16. Rd1 Bd6 17. Ne4 Rd8 18. Nxd6+ cxd6 19. Bb6 Re8 20. Rd3 Re5 21. Rc3+ Rc5 22. Bxc5 dxc5 23. Qxc5+ 1-0

[Event "Charleroi op 3rd"]
[Site "Charleroi"]
[Date "2004.08.04"]
[Round "6"]
[White "Ivanov, Mikhail M"]
[Black "Sailer, Douglas"]
[Result "1-0"]
[WhiteElo "2463"]
[BlackElo "2224"]
[PlyCount "67"]
[EventDate "2004.07.03"]
[EventType "swiss"]
[EventRounds "9"]
[EventCountry "BEL"]
[SourceTitle "CBM 101 Extra"]
[Source "ChessBase"]
[SourceDate "2004.09.01"]
[SourceVersion "2"]
[SourceVersionDate "2004.09.01"]
[SourceQuality "1"]

1. Nf3 d5 2. c4 e6 3. d4 c5 4. cxd5 exd5 5. Bg5 Be7 6. Bxe7 Nxe7 7. dxc5 Qa5+ 8. Nc3 Nbc6 9. e3 Qxc5 10. Be2 0-0 11. 0-0 Bf5 12. Nb5 Rad8 13. Rc1 Qb6 14. Qd2 h6 15. Rfd1 Be4 16. Nbd4 Rc8 17. Rc3 Nxd4 18. Nxd4 Rxc3 19. Qxc3 Rc8 20. Qd2 Rc7 21. a3 a6 22. b4 Nc6 23. f3 Bg6 24. Kf2 Ne7 25. Rc1 Rxc1 26. Qxc1 Kh7 27. g3 a5 28. Qc5 Qxc5 29. bxc5 Nc6 30. Nb5 Kg8 31. Nd6 Nd8 32. Bd1 Bd3 33. Bb3 Kf8 34. Bxd5 1-0

[Event "Saarlouis op 7th"]
[Site "Saarlouis"]
[Date "2004.05.23"]
[Round "7"]
[White "Sailer, Douglas"]
[Black "Huettemann, Ralf"]
[Result "1-0"]
[WhiteElo "2256"]
[BlackElo "1849"]
[PlyCount "59"]
[EventDate "2004.05.19"]
[EventType "swiss"]
[EventRounds "7"]
[EventCountry "GER"]
[SourceTitle "EXT 2006"]
[Source "ChessBase"]
[SourceDate "2005.11.24"]
[SourceVersion "1"]
[SourceVersionDate "2005.11.24"]
[SourceQuality "1"]

1. e4 e5 2. Nf3 Nc6 3. Bb5 Nf6 4. 0-0 g6 5. Bxc6 bxc6 6. Nxe5 Bg7 7. Re1 0-0 8. Nc3 Rb8 9. d4 Qe8 10. Nf3 Qd8 11. e5 Nd5 12. Ne4 Ba6 13. b3 h6 14. c4 Ne7 15. Ba3 Re8 16. Qd2 Nf5 17. Rad1 d5 18. exd6 cxd6 19. d5 c5 20. Bb2 Nh4 21. Nxh4 Qxh4 22. Bxg7 Kxg7 23. Qc3+ f6 24. g3 Qxe4 25. Rxe4 Rxe4 26. Re1 Rbe8 27. Rxe4 Rxe4 28. Qa5 Bxc4 29. Qc7+ Kg8 30. bxc4 1-0

[Event "Saarlouis op 7th"]
[Site "Saarlouis"]
[Date "2004.05.22"]
[Round "5"]
[White "Sailer, Douglas"]
[Black "Ecker, Rene"]
[Result "1-0"]
[WhiteElo "2256"]
[BlackElo "1820"]
[PlyCount "46"]
[EventDate "2004.05.19"]
[EventType "swiss"]
[EventRounds "7"]
[EventCountry "GER"]
[SourceTitle "EXT 2006"]
[Source "ChessBase"]
[SourceDate "2005.11.24"]
[SourceVersion "1"]
[SourceVersionDate "2005.11.24"]
[SourceQuality "1"]

1. e4 g6 2. d4 Bg7 3. Nf3 d6 4. Be2 Nf6 5. Nc3 0-0 6. 0-0 Nbd7 7. e5 dxe5 8. dxe5 Ng4 9. e6 fxe6 10. Ng5 Nxf2 11. Rxf2 Rxf2 12. Kxf2 Qf8+ 13. Kg1 Qf5 14. Be3 Bf6 15. Qd2 b6 16. Rf1 Qe5 17. Bf3 Rb8 18. Nxe6 Bb7 19. Bxb7 Rxb7 20. Nd8 c5 21. Nxb7 Qxe3+ 22. Qxe3 Bd4 23. Qxd4 cxd4 1-0

[Event "Marianske Lazne op"]
[Site "Marianske Lazne"]
[Date "2004.01.29"]
[Round "7"]
[White "Sailer, Douglas"]
[Black "Bernasek, Jan"]
[Result "0-1"]
[WhiteElo "2256"]
[BlackElo "2381"]
[PlyCount "68"]
[EventDate "2004.01.24"]
[EventType "swiss"]
[EventRounds "9"]
[EventCountry "CZE"]
[SourceTitle "CBM 098 Extra"]
[Source "ChessBase"]
[SourceDate "2004.03.10"]
[SourceVersion "2"]
[SourceVersionDate "2004.03.10"]
[SourceQuality "1"]

1. Nf3 Nf6 2. b3 c5 3. Bb2 Nc6 4. e3 g6 5. Bxf6 exf6 6. c4 Bg7 7. Nc3 0-0 8. Rc1 f5 9. Be2 Re8 10. g3 b6 11. 0-0 Bb7 12. d4 d6 13. Re1 Qc8 14. Nd5 Ne7 15. Qd2 Nxd5 16. cxd5 Qd7 17. Red1 Red8 18. dxc5 dxc5 19. d6 Bf8 20. b4 Qxd6 21. Qb2 Qc6 22. bxc5 Rxd1+ 23. Rxd1 Bxc5 24. h3 Re8 25. Kh2 Be7 26. Rd2 Bf6 27. Qb3 Kg7 28. a4 Rc8 29. Qb5 Qe4 30. Qb3 Rc3 31. Qa2 Qc6 32. a5 Rc1 33. axb6 Qxf3 34. Bxf3 Bxf3 0-1

[Event "Luxembourg-ch"]
[Site "Luxembourg"]
[Date "1999.04.10"]
[Round "8"]
[White "Sailer, Douglas"]
[Black "Baskewitsch, Pierre"]
[Result "1/2-1/2"]
[WhiteElo "2115"]
[BlackElo "1942"]
[PlyCount "101"]
[EventDate "1999.04.03"]
[EventType "swiss"]
[EventRounds "9"]
[EventCountry "LUX"]
[SourceTitle "EXT 2005"]
[Source "ChessBase"]
[SourceDate "2004.11.15"]
[SourceVersion "1"]
[SourceVersionDate "2004.11.15"]
[SourceQuality "1"]

1. d4 d5 2. c4 c6 3. e3 Nf6 4. Nc3 e6 5. Nf3 Bd6 6. Qc2 0-0 7. Bd2 Nbd7 8. e4 dxe4 9. Nxe4 Nxe4 10. Qxe4 e5 11. dxe5 Nxe5 12. 0-0-0 f5 13. Qc2 Nxf3 14. gxf3 Qf6 15. h4 h6 16. Bd3 a5 17. Rdg1 Bb4 18. h5 f4 19. Rg6 Qd4 20. Bc3 Bxc3 21. bxc3 Qc5 22. Rhg1 Rf7 23. Rxh6 Ra6 24. Rhg6 Qxh5 25. R6g5 Qxf3 26. Be4 Qh3 27. Rh1 Qe6 28. Bh7+ Kf8 29. Bg6 Qf6 30. Rh8+ Ke7 31. Qe4+ Be6 32. Re5 Kd7 33. Bxf7 Bxf7 34. Qf5+ Qxf5 35. Rxf5 Bxc4 36. Rh7 Bxa2 37. Rxg7+ Ke6 38. Rxf4 b5 39. Rf8 b4 40. cxb4 axb4 41. f4 Bd5 42. f5+ Ke5 43. f6 b3 44. f7 Ra1+ 45. Kd2 b2 46. Re8+ Be6 47. Rg5+ Kd4 48. Rb8 Bxf7 49. Rb4+ Bc4 50. Rxb2 Bd5 51. Rg4+ 1/2-1/2